00932nam a2200265Ia 4500003000900000008004100009020003000050020003100080022002200111022002300133040001600156100002400172245004800196260005700244300002000301490004000321650005100361650003100412650004400443650004800487650001200535700002700547700001900574856007300593IN-BaIIA211028s9999 xx s 000 0 eng d a978-3-642-29563-8 (Print) a978-3-642-29564-5 (Online) a0342-4111 (Print) a1556-1534 (Online) cIIA Library aPeiponen, Kai-Erik  0aTerahertz Spectroscopy and Imagingh[eBook] aHeidelberg, BerlinbSpringer Berlin Heidelbergc2013 aOnline resource aSpringer Series in Optical Sciences a Atomic, Molecular, Optical and Plasma Physics a Classical Electrodynamics a Microwaves, RF and Optical Engineering a Optics, Lasers, Photonics, Optical Devices aPhysics aKuwata-Gonokami,Makoto aZeitler, Axel  uhttp://doi.org/10.1007/978-3-642-29564-5yClick Here to Access eBook